La Europa de los negocios : estructura y función de los grupos / Jean Meynaud, Dusan Sidjanski estructura y función de los grupos / Jean Meynaud, Dusan Sidjanski
Descripción Física:
267 p. ; 24 cm
Colección:
Colección de ciencias sociales ; 7
Otros Autores:
Sidjanski, Dusan
MARC
| LEADER | 00000nam a2200000Ia 4500 | ||
|---|---|---|---|
| 001 | 11032 | ||
| 008 | 160829s1968 xx 000 0 cat d | ||
| 080 | |a M-1-243 | ||
| 100 | |a Meynaud, Jean |9 36569 | ||
| 245 | |a La Europa de los negocios : |b estructura y función de los grupos / Jean Meynaud, Dusan Sidjanski | ||
| 260 | |a Barcelona : |b Instituto de Ciencias Sociales, Diputación Provincial de Barcelona, |c 1968 | ||
| 300 | |a 267 p. ; |c 24 cm | ||
| 490 | |a Colección de ciencias sociales ; 7 | ||
| 650 | |a Comunitat Econòmica Europea |9 36571 | ||
| 651 | 0 | |a Europa |x Política econòmica |9 55200 | |
| 700 | |a Sidjanski, Dusan |9 36572 | ||
| 710 | 2 | |a Instituto de Ciencias Sociales (Barcelona, Catalunya) |9 54508 | |
| 901 | |a Arxiu | ||
| 942 | |n 1 | ||
| 952 | |0 0 |1 0 |4 0 |6 M1243 |7 1 |9 47367 |a Arxiu |b Arxiu |d 2016-12-01 |l 0 |o M-1-243 |p 11032 |r 2016-12-01 00:00:00 |w 2016-12-01 |y ARXIU | ||
| 999 | |c 51165 |d 51165 | ||